И в тылу ковалась Победа (Запись № 11522980)

Подробности
000 -МАРКЕР
контрольное поле 01531nam0a2200301 4500
001 - ИДЕНТИФИКАТОР ЗАПИСИ
контрольное поле RU\NLR\BIBL_A\012025329
005 - ИДЕНТИФИКАТОР ВЕРСИИ
контрольное поле 20190603142909.0
021 ## - НОМЕР ГОСУДАРСТВЕННОЙ РЕГИСТРАЦИИ
Код страны Российская Федерация
Номер КН-П-19-094876
Номер Листа государственной регистраци КН-П-19-6953
035 ## - ДРУГИЕ СИСТЕМНЫЕ НОМЕРА
Идентификатор записи (NLR Aleph) 012025329
100 ## - ДАННЫЕ ОБЩЕЙ ОБРАБОТКИ
Данные общей обработки 20041129d1985 k y0rusy50 ca
101 0# - ЯЗЫК РЕСУРСА
Язык текста, звукозаписи и т.д. русский
102 ## - СТРАНА ПУБЛИКАЦИИ ИЛИ ПРОИЗВОДСТВА
Страна публикации Российская Федерация
105 ## - ПОЛЕ КОДИРОВАННЫХ ДАННЫХ: ТЕКСТОВЫЕ МАТЕРИАЛЫ, МОНОГРАФИЧЕСКИЕ
Кодированные данные о монографическом текстовом документе y a||||1|||
200 1# - ЗАГЛАВИЕ И СВЕДЕНИЯ ОБ ОТВЕТСТВЕННОСТИ
Основное заглавие И в тылу ковалась Победа
Сведения, относящиеся к заглавию (список литературы)
-- [к 40-летию Победы в Великой Отечественной войне]
Первые сведения об ответственности Пенз. обл. универс. науч. б-ка им. М.Ю. Лермонтова
Последующие сведения об ответственности [сост.: В.А. Дерунова]
210 ## - ПУБЛИКАЦИЯ, РАСПРОСТРАНЕНИЕ И ДР.
Место издания, распространения и т.д. Пенза
Имя издателя, распространителя и т. д. б.и.
Дата издания, распространения и т.д. 1985
215 ## - ФИЗИЧЕСКАЯ ХАРАКТЕРИСТИКА
Специфическое обозначение материала и объем [11] с.
Размеры 20
606 1# - НАИМЕНОВАНИЕ ТЕМЫ КАК ПРЕДМЕТ
Наименование темы Великая Отечественная война
Формальный подзаголовок Библиография
Тематический подзаголовок Тыл (воен.)
Географический подзаголовок Рязанская обл.
Хронологический подзаголовок 1941 - 1945
Системный номер авторитетной/нормативной записи 2194202
Идентификатор авторитетной/нормативной записи RU\NLR\AUTH\661318835
686 1# - ИНДЕКСЫ ДРУГИХ КЛАССИФИКАЦИЙ
Индекс Т3(2)722.9-207я1
686 1# - ИНДЕКСЫ ДРУГИХ КЛАССИФИКАЦИЙ
Индекс Ц35(2)722-7(2Р-4П)я1
702 #1 - ИМЯ ЛИЦА - ВТОРИЧНАЯ ОТВЕТСТВЕННОСТЬ
Код отношения Составитель
Начальный элемент ввода Дерунова
Часть имени, кроме начального элемента ввода В. А.
Дополнения к именам, кроме дат библиограф
Даты 1953-
Расширение инициалов личного имени Валентина Анатольевна
Системный номер авторитетной/нормативной записи 206731
Идентификатор авторитетной/нормативной записи RU\NLR\AUTH\770206783
712 02 - НАИМЕНОВАНИЕ ОРГАНИЗАЦИИ - ВТОРИЧНАЯ ОТВЕТСТВЕННОСТЬ
Код отношения Издатель
Начальный элемент ввода Пензенская областная универсальная научная библиотека им. М. Ю. Лермонтова
Системный номер авторитетной/нормативной записи 428396
Идентификатор авторитетной/нормативной записи RU\NLR\AUTH\889966045
801 #0 - ИСТОЧНИК ЗАПИСИ
Страна Российская Федерация
Организация NLR
Правила каталогизации psbo
801 #1 - ИСТОЧНИК ЗАПИСИ
Страна Российская Федерация
Организация ELAR
Источник данных rusmarc
852 ## - МЕСТОНАХОЖДЕНИЕ И ШИФР ХРАНЕНИЯ
Идентификатор организации NLR
Наименование фонда или коллекции (Sub-Location Identifier) С
Шифр хранения (Call Number) К-1/6850
942 ## - ДОПОЛНИТЕЛЬНЫЕ ЭЛЕМЕНТЫ ЗАПИСИ (АБИС)
Тип экземпляра АБИС Книга
980 ## - КОЛЛЕКЦИЯ
Название коллекции Национальная библиография
Экземпляры
Тип экземпляра Дата поступления Источник поступления Стоимость Библиотека постоянного хранения Библиотека текущего хранения Место хранения Шифр хранения Штрих-код Статус экземпляра
Книга 17.11.2021 Обязательный экземпляр 0.00 РНБ (Московский) РНБ (Московский) Центральная справочная библиотека С К-1/6850 1-3575093